The Princeton Erviev Cracking The Lsat (Record no. 559)

MARC details
000 -LEADER
fixed length control field 00337nam a22001457a 4500
041 ## - LANGUAGE CODE
Language code of text/sound track or separate title ENG
100 ## - MAIN ENTRY--PERSONAL NAME
Personal name Robinson A
245 ## - TITLE STATEMENT
Title The Princeton Erviev Cracking The Lsat
250 ## - EDITION STATEMENT
Edition statement 2001 Ed
260 ## - PUBLICATION, DISTRIBUTION, ETC. (IMPRINT)
Place of publication, distribution, etc New York
Name of publisher, distributor, etc Aandom House
Date of publication, distribution, etc 2001
300 ## - PHYSICAL DESCRIPTION
Extent 394
650 ## - SUBJECT ADDED ENTRY--TOPICAL TERM
Topical term or geographic name as entry element Competitive Exam
700 ## - ADDED ENTRY--PERSONAL NAME
Personal name Tallia.R
856 ## - ELECTRONIC LOCATION AND ACCESS
Uniform Resource Identifier Competitive Exam
Holdings
Withdrawn status Lost status Source of classification or shelving scheme Damaged status Not for loan Home library Current library Shelving location Date acquired Total Checkouts Barcode Date last seen Price effective from Koha item type
    Dewey Decimal Classification     College of Agricultural Engineering and Technology, Dapoli , Library College of Agricultural Engineering and Technology, Dapoli , Library Book Cart 30/08/2021   001064 30/08/2021 30/08/2021 Books

Contact Us: College of Agricultural Engineering and Technology, Dapoli, Dist.- Ratnagiri
Website: https://dbskkv.org Email: caetlibrary2015@gmail.com